Perturbation methods / (Record no. 19585)

MARC details
000 -LEADER
fixed length control field 00991cam a2200289 i 4500
001 - CONTROL NUMBER
control field 3443464
003 - CONTROL NUMBER IDENTIFIER
control field EG-ScBUE
005 - DATE AND TIME OF LATEST TRANSACTION
control field 20241013085958.0
008 - FIXED-LENGTH DATA ELEMENTS--GENERAL INFORMATION
fixed length control field 911106r19951991enkdk f b f001 0 eng d
020 ## - INTERNATIONAL STANDARD BOOK NUMBER
International Standard Book Number 0521378974 (pbk.)
020 ## - INTERNATIONAL STANDARD BOOK NUMBER
International Standard Book Number 9780521378970
040 ## - CATALOGING SOURCE
Original cataloging agency DLC
Language of cataloging eng
Description conventions rda
Transcribing agency DLC
Modifying agency DLC
-- EG-ScBUE
082 04 - DEWEY DECIMAL CLASSIFICATION NUMBER
Classification number 515.35
Edition number 22
Item number HIN
100 1# - MAIN ENTRY--PERSONAL NAME
Personal name Hinch, E. J.,
Relator term author.
9 (RLIN) 38321
245 10 - TITLE STATEMENT
Title Perturbation methods /
Statement of responsibility, etc E. J. Hinch, lecturer in mathematics, University of Cambridge.
250 ## - EDITION STATEMENT
Materials specified Reprint edition.
264 #1 - PUBLICATION, DISTRIBUTION, ETC. (IMPRINT)
Place of publication, distribution, etc Cambridge ;
-- New York :
Name of publisher, distributor, etc Cambridge University Press,
Date of publication, distribution, etc 1995.
300 ## - PHYSICAL DESCRIPTION
Extent xi, 160 pages :
Other physical details charts, forms ;
Dimensions 24 cm.
490 0# - SERIES STATEMENT
Series statement Cambridge texts in applied mathematics
500 ## - GENERAL NOTE
General note Transferred to digital printing 2002.
504 ## - BIBLIOGRAPHY, ETC. NOTE
Bibliography, etc Includes bibliographical references and index.<br/>
650 #7 - SUBJECT ADDED ENTRY--TOPICAL TERM
Topical term or geographic name as entry element Perturbation (Mathematics)
Source of heading or term BUEsh
9 (RLIN) 36431
651 ## - SUBJECT ADDED ENTRY--GEOGRAPHIC NAME
Source of heading or term BUEsh
653 ## - INDEX TERM--UNCONTROLLED
Resource For college Engineering, Electrical
Arrived date list June2015
-- August2015
655 ## - INDEX TERM--GENRE/FORM
Form subdivision Reading book
942 ## - ADDED ENTRY ELEMENTS (KOHA)
Source of classification or shelving scheme Dewey Decimal Classification
Koha item type Book - Borrowing
Holdings
Withdrawn status Lost status Source of classification or shelving scheme Damaged status Not for loan Collection code Home library Current library Shelving location Date acquired Source of acquisition Total Checkouts Full call number Barcode Date last seen Koha item type
    Dewey Decimal Classification     Baccah Central Library Central Library First floor 11/06/2015 Purchase   515.35 HIN 000038394 15/07/2025 Book - Borrowing